000
00293nam a22001337a 4500
008
181226b xxu||||| |||| 00| 0 eng d
020
_a
0395500419
041
_a
eng
080
_2
3 TH
_a
370
100
_a
49
101
_a
EDU
245
_a
The Informed Writer
_c
Charles.B
942
_2
udc
_c
BK
999
_c
53784
_d
53784